| 000 | 01110cam a2200229 4500 | ||
|---|---|---|---|
| 001 | WB3719-18 | ||
| 008 | 000000n2001 000 0 eng u | ||
| 035 | _a(Sirsi) u112611 | ||
| 245 | _aTrapped minorities hold back Midlands decay | ||
| 260 | _c2001 | ||
| 490 |
_aHousing Today _v(233) 10 May 2001, 3(1) |
||
| 520 | _aA report commissioned by the Housing Corporation and Local Government Association is calling for action to protect homes and services in inner-city areas, and to attract new residents. The research claims that areas in the west Midlands would be facing collapse and abandonment were it not for disadvantaged groups who are trapped in old industrial areas. "The West Midlands housing markets: changing demand, decentralisation and urban regeneration" is available at a cost of £12.50 from Birmingham University's Centre for Urban and Regional Studies. | ||
| 590 | _aWB | ||
| 650 | _aHOUSING CORPORATION | ||
| 650 | _aWEST MIDLANDS | ||
| 650 | _aINNER CITIES | ||
| 650 | _aBIRMINGHAM | ||
| 650 | _aMARKETS | ||
| 650 | _aETHNIC MINORITIES | ||
| 690 | _aHOUSING | ||
| 942 | _n0 | ||
| 999 |
_c67034 _d67034 |
||